Statistics for How countries gained Independence

Click here to take the quiz!

General Stats

  • This quiz has been taken 105 times
    (78 since last reset)
  • The average score is 158 of 190

Answer Stats

CountryCountry/Empire% Correct
Eswatini | IrelandUnited Kingdom
97%
SomaliaBritish Empire/Italy
95%
TaiwanChina
92%
PolandGermany/Russia
92%
YemenOttoman Empire/British Empire
92%
Cuba | Liberia | Marshall Islands | +3 othersUnited States of America
92%
VanuatuBritish Empire/French Empire
90%
Algeria | Benin | Burkina Faso | +22 othersFrench Empire
90%
Libya | Vatican CityItaly
90%
Belgium | Indonesia | SurinameNetherlands
90%
Armenia | Azerbaijan | Belarus | +12 othersSoviet Union
90%
UruguayBrazil
87%
Afghanistan | Antigua and Barbuda | Australia | +54 othersBritish Empire
87%
ThailandFrance
87%
FinlandRussia
87%
Argentina | Bolivia | Chile | +5 othersSpanish Empire
87%
Burundi | Democratic Republic of Congo | RwandaBelgium
85%
Albania | Bulgaria | Greece | +3 othersOttoman Empire
85%
Angola | Brazil | Cabo Verde | +3 othersPortuguese Empire
85%
Netherlands | PortugalSpain
85%
Bosnia and Herzegovina | Croatia | North Macedonia | +2 othersYugoslavia
85%
Nauru | New Zealand | Papua New GuineaAustralia
82%
IcelandDenmark
82%
Austria | HungaryAustria-Hungary
79%
Czech Republic | SlovakiaCzechoslovakia
79%
Denmark | Liechtenstein | LuxembourgGermany
79%
SamoaNew Zealand
79%
PanamaColombia
77%
EritreaEthiopia
77%
Timor-LesteIndonesia
77%
North Korea | South KoreaKorea
77%
BangladeshPakistan
77%
FranceRome
77%
NamibiaSouth Africa
77%
South SudanSudan
77%
KosovoSerbia
74%
SingaporeMalaysia
72%
Colombia | Ecuador | VenezuelaGran Colombia
62%
MontenegroSerbia and Montenegro
59%
Costa Rica | El Salvador | Guatemala | +2 othersCentral America
56%
SwitzerlandHoly Roman Empire
56%
Norway | SwedenSweden-Norway
49%
China | MongoliaQing Dynasty
46%
San MarinoRoman Empire
41%
AndorraAragon
36%
SyriaUnited Arab Republic
31%
MonacoSardinia
28%
EthiopiaZagwe Dynasty
10%

Score Distribution

Percentile by Number Answered

Percent of People with Each Score

Your Score History

You have not taken this quiz since the last reset